000 00713nam a2200277 a 4500
001 000114226
003 CHAP
005 20220329144432.0
008 171127s1996 mx |r| ||||||spa d
010 _a110687
011 _a111659
020 _a9684066422
040 _cCHAP
082 0 4 _a323.44
_bK92
100 1 _aKrishnamurti, Jiddu
_9134140
245 1 3 _aLa libertad /
_cpor Jiddu Krishnamurti.
260 _aMéxico, D.F. :
_bEditorial Planeta,
_c1996.
300 _a206 p.
490 _aBiblioteca Krishnamurti
590 _aE5765TAJ
_b05
_c20171127
_lUCH01
_h0913
650 1 4 _aLibertad.
_966625
830 0 _aBiblioteca Krishnamurti
_9134141
901 _aBK
942 _cLIBRO
942 _n0
999 _c110687
_d110687